Get ready for A&P for nursing and healthcare / (Record no. 11184)
[ view plain ]
| 000 -LEADER | |
|---|---|
| fixed length control field | 00692nam a22001817a 4500 |
| 008 - FIXED-LENGTH DATA ELEMENTS--GENERAL INFORMATION | |
| fixed length control field | 090405t xxu||||| |||| 00| 0 eng d |
| 020 ## - INTERNATIONAL STANDARD BOOK NUMBER | |
| International Standard Book Number | 9780273713609 (pbk.) |
| 082 ## - DEWEY DECIMAL CLASSIFICATION NUMBER | |
| Edition number | 22 |
| Classification number | 612.002461073 |
| Item number | GAR NR |
| 245 ## - TITLE STATEMENT | |
| Title | Get ready for A&P for nursing and healthcare / |
| Statement of responsibility, etc | Lori K. Garrett ; UK adaptation: Alisa Clarke and Pearl Shihab. |
| 260 ## - PUBLICATION, DISTRIBUTION, ETC. (IMPRINT) | |
| Place of publication, distribution, etc | Harlow : |
| Name of publisher, distributor, etc | Pearson Education, |
| Date of publication, distribution, etc | 2008 |
| 300 ## - PHYSICAL DESCRIPTION | |
| Extent | xvi, 262 p. : |
| Other physical details | ill. ; |
| Dimensions | 24 cm. |
| 500 ## - GENERAL NOTE | |
| General note | Includes index. |
| 650 ## - SUBJECT ADDED ENTRY--TOPICAL TERM | |
| 9 (RLIN) | 3138 |
| Topical term or geographic name as entry element | Human anatomy |
| Form subdivision | -- Study guides. |
| General subdivision | -- Examinations |
| 650 ## - SUBJECT ADDED ENTRY--TOPICAL TERM | |
| 9 (RLIN) | 3139 |
| Topical term or geographic name as entry element | Human physiology |
| Form subdivision | --Study guides |
| General subdivision | --Examinations |
| 700 ## - ADDED ENTRY--PERSONAL NAME | |
| 9 (RLIN) | 3140 |
| Personal name | Clarke, Ailsa. |
| 700 ## - ADDED ENTRY--PERSONAL NAME | |
| 9 (RLIN) | 3141 |
| Personal name | Shihab, Pearl. |
| 942 ## - ADDED ENTRY ELEMENTS (KOHA) | |
| Source of classification or shelving scheme | Dewey Decimal Classification |
| Item type | Book - Borrowing |
| Withdrawn status | Item status | Source of classification or shelving scheme | Damaged status | Not for loan | Vendor | Home library | Current library | Shelving location | Date acquired | Source of acquisition | Total Checkouts | Total Renewals | Full call number | Barcode | Date last seen | Date last borrowed | Koha item type |
|---|---|---|---|---|---|---|---|---|---|---|---|---|---|---|---|---|---|
| Dewey Decimal Classification | Central Library | Central Library | First floor | 05/04/2009 | 3 | 7 | 612.002461073 GAR NR | 000015760 | 15/07/2025 | 12/12/2013 | Book - Borrowing | ||||||
| Dewey Decimal Classification | Central Library | Central Library | First floor | 05/04/2009 | 3 | 612.002461073 GAR NR | 000015846 | 15/07/2025 | 24/11/2009 | NB - Book (Non borrowing) |